00209nam a2200097Ia 4500008004100000100001500041245001700056260001700073260000900090546001200099170619s9999 xx 000 0 und d aSingh- B D 0aBiochemistry bKalyani Pub. c2004 aENGLISH